[Event "1CHC_F"]
[Site "?"]
[Date "2007.??.??"]
[Round "?"]
[White "Tyrlik, Jaroslav"]
[Black "Juhasz, Jozef"]
[Result "1/2-1/2"]
[WhiteElo "2101"]
[BlackElo "2216"]
[PlyCount "105"]
[EventDate "2007.??.??"]
[EventType "corr"]
[SourceDate "2007.01.09"]

1. d4 Nf6 2. Nf3 d5 3. e3 e6 4. c4 dxc4 5. Bxc4 c5 6. O-O cxd4 7. exd4 Nc6 8.
Nc3 Be7 9. Qe2 Nxd4 10. Nxd4 Qxd4 11. Bb5+ Bd7 12. Rd1 Qb4 13. a3 Qh4 14. Bxd7+
Nxd7 15. Qb5 Rd8 16. Be3 a6 17. Qxb7 Qc4 18. Rac1 Ne5 19. Rxd8+ Bxd8 20. Ne4
Qd5 21. Qxd5 exd5 22. Nc3 Kd7 23. Nxd5 Ke6 24. Rd1 g5 25. Bc5 Re8 26. b4 Nd7
27. f4 Nxc5 28. bxc5 Ba5 29. Nb4 Bxb4 30. axb4 Rb8 31. Rd6+ Ke7 32. Rd4 gxf4
33. Kf2 Rb5 34. Re4+ Kd7 35. Rxf4 Ke6 36. Ke3 a5 37. bxa5 Rxa5 38. Rc4 Kd7 39.
c6+ Kc7 40. h4 Ra3+ 41. Kf4 Ra5 42. g4 f6 43. Rc3 Rd5 44. g5 Rd4+ 45. Kf5 fxg5
46. hxg5 Rh4 47. Kf6 Rh1 48. Rc2 Rf1+ 49. Kg7 Rh1 50. Rc4 Rg1 51. Rc5 Rh1 52.
Kf6 Rf1+ 53. Ke5 1/2-1/2

[Event "1CHC_F"]
[Site "?"]
[Date "2007.??.??"]
[Round "?"]
[White "Kohler, Josef"]
[Black "Juhasz, Jozef"]
[Result "0-1"]
[WhiteElo "2176"]
[BlackElo "2216"]
[PlyCount "52"]
[EventDate "2007.??.??"]
[EventType "corr"]
[SourceDate "2007.01.09"]

1. c4 Nf6 2. Nf3 e6 3. d4 d5 4. Nc3 c6 5. e3 Nbd7 6. Bd3 dxc4 7. Bxc4 b5 8. Bd3
a6 9. e4 c5 10. d5 exd5 11. e5 Ng4 12. Bg5 f6 13. exf6 gxf6 14. Bf4 d4 15. Nxd4
Nde5 16. Bxe5 Nxe5 17. Qh5+ Kd7 18. Bf5+ Kc7 19. Nde2 Bxf5 20. Qxf5 Qd7 21. Qf4
Bd6 22. Rd1 Rad8 23. Qxf6 Rhf8 24. Qh4 Qg7 25. Qg3 Nf3+ 26. gxf3 Bxg3 0-1

[Event "1CHC_F"]
[Site "?"]
[Date "2007.??.??"]
[Round "?"]
[White "Kratochvil, Vaclav"]
[Black "Bednarik, Radovan"]
[Result "1/2-1/2"]
[WhiteElo "2216"]
[BlackElo "2126"]
[PlyCount "117"]
[EventDate "2007.??.??"]
[EventType "corr"]
[SourceDate "2007.01.09"]

1. e4 c5 2. Nf3 e6 3. d4 cxd4 4. Nxd4 a6 5. Nc3 Qc7 6. Bd3 Nf6 7. O-O Bc5 8.
Nb3 Be7 9. f4 d6 10. Qf3 Nbd7 11. Bd2 b6 12. Qg3 g6 13. e5 Nh5 14. Qf3 Bb7 15.
exd6 Bxd6 16. Be4 O-O-O 17. Bxb7+ Qxb7 18. Ne4 Be7 19. Bc3 Nhf6 20. Rae1 Rhe8
21. Kh1 Kb8 22. Nxf6 Bxf6 23. Be5+ Bxe5 24. Qxb7+ Kxb7 25. fxe5 Re7 26. c3 Nb8
27. Nd4 Nc6 28. Nf3 Rd5 29. g4 h6 30. Kg2 Red7 31. h4 b5 32. a3 Kb6 33. Kg3 Na5
34. Kf4 Nc4 35. g5 hxg5+ 36. Kxg5 Nxb2 37. Kf6 Nd3 38. Re3 Nf4 39. Kg5 Nh5 40.
Nd4 Rc7 41. Rff3 Kb7 42. Rf2 Rdd7 43. Rd3 Kb6 44. Rdf3 Ka5 45. Kh6 Ka4 46. Re3
Rd5 47. Re4 Ka5 48. Nb3+ Kb6 49. Re3 a5 50. Nd4 Rdc5 51. Rf1 Rd7 52. Rf2 Ka6
53. Ref3 Rcc7 54. Rd2 Kb6 55. Rdf2 a4 56. Rd2 Rd8 57. Rdf2 Rd5 58. Re3 Rdc5 59.
Rff3 1/2-1/2

[Event "1CHC_F"]
[Site "?"]
[Date "2007.??.??"]
[Round "?"]
[White "Bednarik, Radovan"]
[Black "Kohler, Josef"]
[Result "1/2-1/2"]
[WhiteElo "2126"]
[BlackElo "2176"]
[PlyCount "139"]
[EventDate "2007.??.??"]
[EventType "corr"]
[SourceDate "2007.01.09"]

1. d4 Nf6 2. c4 e6 3. g3 d5 4. Nf3 Be7 5. Bg2 O-O 6. Qc2 c5 7. cxd5 cxd4 8.
Nxd4 Nxd5 9. O-O Nc6 10. Nxc6 bxc6 11. Qxc6 Bd7 12. Qa6 Nb4 13. Qb7 Nc2 14. Nc3
Nxa1 15. Rd1 Rb8 16. Qxa7 Bf6 17. Rxd7 Qc8 18. Be4 Be5 19. h3 Rb4 20. Bd3 Qc6
21. Qa5 Rbb8 22. Rxf7 Rxf7 23. Qxe5 Rd8 24. Bf4 Rfd7 25. Be4 Qa6 26. Qh5 g6 27.
Qe5 Rf7 28. Bd3 Qc6 29. Qe3 e5 30. Qxe5 Rc8 31. Be4 Qf6 32. Bd5 Qxe5 33. Bxe5
Kf8 34. Bxf7 Kxf7 35. b4 Ke6 36. f4 Nc2 37. b5 Nb4 38. b6 Rc6 39. a3 Na6 40.
Bd4 Nb8 41. Kf2 Nd7 42. Nb5 Kd5 43. e3 Nxb6 44. Nc3+ Kc4 45. Kf3 Nd5 46. Ne4
Ra6 47. Ng5 h5 48. Nf7 Nc7 49. g4 Kd5 50. Bb2 Rb6 51. Be5 Ne6 52. e4+ Kc6 53.
Kg3 Rb7 54. gxh5 gxh5 55. Ng5 Rb3+ 56. Kh4 Nxg5 57. fxg5 Kd7 58. g6 Ke6 59. Bg7
Rxa3 60. Bh8 Ra4 61. Kxh5 Rxe4 62. Kg5 Re3 63. h4 Rg3+ 64. Kh6 Kf5 65. h5 Rg5
66. Bc3 Kg4 67. Bf6 Rxh5+ 68. Kg7 Kf5 69. Be7 Rh8 70. Kf7 1/2-1/2